Barmen's Film Club Quiz Stats

 Plays Quiz not verified by Sporcle

Challenge
Share
Tweet
Embed
Score 0/10 Timer 05:00
0 Plays Today
% Correct
Bitter
93.3%
Booze
90%
Babycham
83.3%
Tequila
83.3%
Bottle
80%
Charringtons
80%
Whisky Mac
80%
Mead
80%
Cinzano
73.3%
Drambuie
70%

You're not logged in!

Compare scores with friends on all Sporcle quizzes.
OR
Log In

You Might Also Like...

Show Comments

Extras

Created Aug 10, 2016SourceReportNominate
Tags:pub

Top Quizzes Today


Score Distribution

Your Account Isn't Verified!

In order to create a playlist on Sporcle, you need to verify the email address you used during registration. Go to your Sporcle Settings to finish the process.

Report this User

Report this user for behavior that violates our Community Guidelines.

Details: